000 00316nam a22001217a 4500
008 230620b xxu||||| |||| 00| 0 eng d
082 _a327.17
_bKAR 2006
245 _aContemporary Security Policy
260 _bRoutledge Taylor & Francis Group
_c2006
300 _a208p
440 _n1
_v27
_x13523260
942 _2ddc
_cBK
999 _c1906
_d1906